000 00583nam a2200181 i 4500
001 72382
003 ES-MaACL
005 20230906171425.0
007 t|
008 040831s1932 fr |||| | fre d
100 1 _aGirard, Albert.
_957213
245 1 3 _aLa rivalité commerciale et maritime entre Seville et Cadix jusquia la fin du XVIII siecle /
_cpar Albert Girard.
260 _aParisE. de Boccard,
_c1932 (
_eBordeaux :
_fJ. Biere)
300 _a119 p. ;
_c25 cm.
650 4 _aComercio-
_zCádiz.
_9166467
650 4 _aComercio-
_zSevilla.
_9166468
852 _aES-MaACL
_jA-1739
999 _c72382
_d72382